00885nam a2200205 a 4500001001000000003000900010005001700019008004100036040002500077082001600102110010200118245013500220260003800355300001700393500003700410590002600447942001400473952017500487999001700662000033390DO-SdBNP20210419092229.0110823s1941 dr r 000 0 spa d aDO-SdBNPbspacBNPHU axxxxbR426c1 aRepública Dominicana.bSecretaría de Estado del Tesoro y Comercio,bServicio de Aduana95896010aCartas circulares :b(nueva serie) del no. 401 al no. 460, período del 13 de noviembre al 31 de diciembre de 1940 (extratacdas). aSanto Domingo :bMontalvo,c1941. av. ;c23 cm. aLa biblioteca posee el volumen 3 aInventariado, 2018/BT 2ddccLBS1 001050718RVaPDbPDcHDd2011-08-25iLF1l0oxxxx R426cp33390-10r2020-06-25w2020-06-25y1zPerteneció a la biblioteca personal de Julio Ortega FrierZNo se presta c32881d32881